000 00707nam a22002173a 4500
005 20220623063505.0
008 010531s1999 mx fr 000 0 spa d
020 _a8478691979
035 _aUPN01000116991
049 _aCG
050 4 _aLB1131
_bP7.6 no.24
100 1 _aYuste Hernanz, Carlos
_929510
245 1 0 _aComprensión del lenguaje /
_cCarlos Yuste Hernanz.
260 _aMadrid :
_bCEPE,
_c1999.
300 _a112 p. :
_bil.
440 0 _aProgresint ;
_v24
500 _a"Enseñanza Secundaria Obligatoria. Nivel 4"
500 _a"Programas para la estimulación de las habilidades de la inteligencia"
650 4 _aLENGUAJE Y LENGUAS -
_xESTUDIO Y ENSEÑANZA (SECUNDARIA).
905 _aLibro
999 _c89619
_d89619